| 000 | 00721nam a2200241 a 4500 | ||
|---|---|---|---|
| 001 | 26160 | ||
| 003 | BD-RjUL | ||
| 005 | 20211209050958.0 | ||
| 008 | 140320s1983 cc uu m 0 a0eng d | ||
| 035 | _a(BD-RjUL) 26230 | ||
| 040 |
_aLC _beng _cLC _dANL-S _dBD-RjUL |
||
| 041 | _aeng | ||
| 082 | 0 | 4 |
_a951 _bWHA 1983 |
| 245 | 0 | 0 |
_aWhat's new in China : _bMoving Toward Modernization / |
| 260 |
_aPeking, China : _bChina Reconstructs. _c1983 |
||
| 300 |
_a32p : _bill. ; _c19 cm. |
||
| 500 | _aCover title. | ||
| 500 | _aEach issue has a distinctive title. | ||
| 500 | _aDescription based on: 2, published in 1983; title from cover. | ||
| 651 | 0 |
_aChina _xPeriodicals. _980009 |
|
| 942 |
_2ddc _cBK |
||
| 999 |
_c26160 _d26160 |
||